000
00271nam a2200121 a 4500
008
101025s1989|||| d
100
1
_a
Martin, Eduard
245
1
0
_a
Milenci našich žen
260
_b
Svoboda
_a
Praha
_c
1989
041
_a
ces
044
_a
CZ
020
_c
27
999
_c
12179
_d
12179